00597 2200229 4500001002100000005001500021035002000036007000300056008004100059020001800100082001000118084001600128100002400144245004500168250001100213260004200224300003500266650002400301990001400325990001400339990001400353INLIS00000000001037820250915034652 a0010-0825000052ta250915 g 0 ind  a9786028551441 a959.8 a959.8 TEN m0 aTendi Krishna Murti1 aMajapahit Kingdom /cTendi Krishna Murti acet. 1 aJakarta :bBuana Cipta Pustaka,c2009 a64 hlm :bilus ;c17.5 x 25 cm 4aIndonesia - Sejarah a025.00644 a025.00645 a025.00646